What's the problem : A brief guide to thinking critically
With What's the Problem? A Brief Guide to Thinking Critically Paula Rothenberg applies her hallmark insight to some of the most relevant and controversial problems of our day. Utilizing high interest and readable articles, the 8 parts of this brief collection present multiple perspectives on su...
Bewaard in:
| Hoofdauteur: | |
|---|---|
| Formaat: | Boek |
| Taal: | Undetermined |
| Gepubliceerd in: |
New York, NY.
Worth Publishers
2010
|
| Onderwerpen: | |
| Tags: |
Voeg label toe
Geen labels, Wees de eerste die dit record labelt!
|
| Thư viện lưu trữ: | Trung tâm Học liệu Trường Đại học Cần Thơ |
|---|
| LEADER | 01241nam a2200205Ia 4500 | ||
|---|---|---|---|
| 001 | CTU_187313 | ||
| 008 | 210402s9999 xx 000 0 und d | ||
| 082 | |a 150 | ||
| 082 | |b R846 | ||
| 100 | |a Rothenberg, Paula S. | ||
| 245 | 0 | |a What's the problem : | |
| 245 | 2 | |b A brief guide to thinking critically | |
| 245 | 0 | |c Paula S. Rothenberg | |
| 260 | |a New York, NY. | ||
| 260 | |b Worth Publishers | ||
| 260 | |c 2010 | ||
| 520 | |a With What's the Problem? A Brief Guide to Thinking Critically Paula Rothenberg applies her hallmark insight to some of the most relevant and controversial problems of our day. Utilizing high interest and readable articles, the 8 parts of this brief collection present multiple perspectives on such urgent societal issues as hunger, homelessness, consumerism, crime, abstinence education and more. With the aid of part introductions and questions sets, students are challenged to first, identify the individual author perspectives and then, more broadly, to think critically about how these issues are framed in the public eye. | ||
| 650 | |a Critical thinking,Thought and thinking,Tư duy phê phán,Suy nghĩ và tư duy | ||
| 904 | |i Qhieu | ||
| 980 | |a Trung tâm Học liệu Trường Đại học Cần Thơ | ||